• 首页
  • 本馆介绍
  • 公告通知
  • 最新文献
  • 馆藏检索
  • 电子资源
  • 读者导购
  • 参考咨询
  • 我的图书馆
  • 登录
  • 详细信息显示
  • 放入我的书架
  • 预约/预借图书
  • 作者相关作品
  • 分类相关作品
  • 丛书相关作品
  • 出版社相关作品

书目信息

  • 表格格式
  • 工作单格式
  • 卡片格式
书名: Police administration
作者:
分册号:
分册名:
出版地: New York :
 
出版社: McGraw-Hill
出版时间: 1972.
页数: 742 p. :
开本: 24 cm.
丛书名: McGraw-Hill series in political science
中图分类号:
科图分类号:
其他分类号: D523.3
主题词:
电子资源:
000 00882cam a22003011 450
001 E0735818095
005 20070509095839.40
008 720809s1972 a 000 0 eng
010    @a63009827
015    @aGB63-13988
035    @A(DLC) 63009827
035    @a(OCoLC)377027
040    @aDLC@cOClU@dOCoLC@dUk@dDLC
042    @apremarc
050 00 @aHV7935@b.W48 1963
082    @a351.74
090    @aD523.3
099    @dD523.3@ex17=3
100 1  @aWilson, O. W.@q(Orlando Winfield),@d1900-1972.
245 10 @aPolice administration.
250    @a3rd ed.
260    @aNew York :@bMcGraw-Hill,@c1972.
300    @a742 p. :@billus. ;@c24 cm.
440  0 @aMcGraw-Hill series in political science
650  0 @aPolice
906    @a7@bcbc@coclcrpl@du@encip@f19@gy-gencatlg
985    @eOCLC REPLACEMENT cdsdistr
991    @bc-GenColl@hHV7935@i.W48 1963@tCopy 1@wOCLCREP
    
    Police administration.-3rd ed.-New York : : McGraw-Hill, , 1972.
    742 p. : : illus. ; ; 24 cm.- (McGraw-Hill series in political science )
    
    
    ISBN
    
●
相关链接 在E读中查询图书 在五车中查询图书 在当当中查询图书 在豆瓣中查询图书


正题名:Police administration     索取号:D523.3/x17=3         预约/预借

序号 登录号 条形码 馆藏地/架位号 状态 备注
1 7767   300077672   第二样本阅览室/ [索取号:D523.3/x17=3] 在馆    
唐山师范学院图书馆 欢迎您!
大连网信软件有限公司© 版权所有